[Event "Corsica-ch"]
[Site "Bastia"]
[Date "2002.??.??"]
[Round "1"]
[White "Zigic, Vania"]
[Black "Maillet, Arsene"]
[Result "0-1"]
[WhiteElo "1499"]
[BlackElo "1740"]
[PlyCount "70"]
[EventDate "2002.??.??"]
[EventType "k.o."]
[EventRounds "4"]
[EventCountry "FRA"]
[SourceTitle "EXT 2003"]
[Source "ChessBase"]
[SourceDate "2002.11.25"]
[SourceVersion "1"]
[SourceVersionDate "2002.11.25"]
[SourceQuality "1"]

1. e4 e5 2. Nf3 Nf6 3. Nxe5 d6 4. Nf3 Nxe4 5. d3 Nf6 6. Be2 Nc6 7. 0-0 Bf5 8. c3 Qd7 9. Re1 0-0-0 10. d4 d5 11. Bg5 h6 12. Bxf6 gxf6 13. a4 Bd6 14. Nh4 Rdg8 15. Nxf5 Qxf5 16. Bf3 h5 17. Nd2 Nd8 18. Nf1 Ne6 19. Ne3 Qh3 20. Nf1 Ng5 21. Bxd5 Qf5 22. Qb3 Nh3+ 23. Kh1 Nxf2+ 24. Kg1 c6 25. Re2 Nh3+ 26. Kh1 cxd5 27. c4 Nf4 28. Ng3 Qg4 29. Rf2 h4 30. Nf1 Nxg2 31. cxd5 Ne1 32. Qc3+ Kb8 33. Ng3 hxg3 34. Qxe1 g2+ 35. Rxg2 Qxg2# 0-1